Hebrew Name Translation - Statistics

General Stats
  • This quiz has been taken 208 times
  • The average score is 14 of 22
Answer Stats
Hebrew English % Correct
Binyamin Benjamin
93%
Daniyyel Daniel
93%
Rebekah Rebecca
92%
Yehoshua Joshua
90%
Miryam Mary
89%
Sarai Sarah
88%
Yaqov Jacob
86%
Yohanan John
85%
Rahel Rachel
83%
Avigayil Abigail
81%
Matityahu Matthew
75%
Zakarya Zachary
69%
Eliyahu Elijah
65%
Eliseva Elizabeth
56%
Yishaq Isaac
56%
Toviyah Tobias
43%
Yirmiyahu Jeremy
42%
Hawwah Eve
33%
Pinhas Phineas
27%
Yesayahu Isaiah
26%
Hadassah Esther
15%
Yishai Jesse
14%
No matching quizzes found
Score Distribution
Percent of People with Each Score
Percentile by Number Answered
Your Score History
You have not taken this quiz